Final report of the 1985 IRTP nurseries

Uloženo v:
Podrobná bibliografie
Korporativní autor: International rice research institute
Médium: Kniha
Jazyk:Undetermined
Vydáno: Manila, Philippines International rice research institute 1986
Témata:
Tagy: Přidat tag
Žádné tagy, Buďte první, kdo otaguje tento záznam!
Thư viện lưu trữ: Trung tâm Học liệu Trường Đại học Cần Thơ
LEADER 00620nam a2200193Ia 4500
001 CTU_122804
008 210402s9999 xx 000 0 und d
082 |a 631.52 
082 |b I.61/Vol1 
110 |a International rice research institute 
245 0 |a Final report of the 1985 IRTP nurseries 
245 0 |c International rice research institute 
260 |a Manila, Philippines 
260 |b International rice research institute 
260 |c 1986 
650 |a Nurseries (Rice).,Rice 
650 |x Varieties,Testing 
904 |i Hiếu, Huỳnh Mai 
980 |a Trung tâm Học liệu Trường Đại học Cần Thơ